000
00305nam a2200133Ia 4500
008
240624s9999 xx 000 0 und d
041
_a
eng
082
_a
823 MAC
100
_a
MACLEAN S G
245
_a
CRUCIBLE
260
_c
2012
_a
New Delhi
_b
Quercus
300
_a
472 : p. : cm. ; 20
365
_c
RS
_b
25
999
_c
19868
_d
19868